Catalog

Record Details

Catalog Search



Available copies

  • 1 of 4 copies available at LARL/NWRL Consortium.
  • 0 of 2 copies available at Lake Agassiz Regional Library. (Show preferred library)

Current holds

0 current holds with 4 total copies.

Show Only Available Copies
Location Call Number / Copy Notes Barcode Shelving Location Status Due Date
LARL Cataloging LARL158723 (Text) LARL158723 New In process -
LARL Cataloging LARL158723 (Text) LARL158724 New In process -
Red Lake Falls Public Library OZE (Text) 35500006938086 New Available -
Thief River Falls Public Library OZE (Text) 35500006941601 New Checked out 07/15/2026

Record details

  • ISBN: 9780593832714
  • ISBN: 059383271X
  • Physical Description: 321 pages ; 22 cm
  • Publisher: New York : Viking, 2026.

Content descriptions

General Note:
"Published in hardcover in Great Britain by Canongate Books Ltd., Edingburgh, in 2026." -- Title ... Read More
Bibliography, etc. Note:
Includes bibliographical references.
Formatted Contents Note:
The typing lady: An author's note -- The ... Read More
Summary, etc.:
"Ruth Ozeki turns her singular gaze to the short ... Read More
Subject: Life change events > Fiction.
College students > Fiction.
Spouses > Fiction.
Grandparents > Fiction.
Online dating > Fiction.
Literature > Fiction.
Genre: Fiction.
Short stories.
LDR 03268cam a22006498i 4500
001486997
003LARL_NWRL_CONSORTIUM
00520260604180150.0
008260129t20262026nyu b 000 1 eng
010 . ‡a 2025047146
040 . ‡aDLC ‡beng ‡erda ‡cDLC ‡dOCLCO ‡dIG# ‡dOCLCO ‡dZGR ‡dOCLCO ‡dIUK
020 . ‡a9780593832714 ‡q(hardcover)
020 . ‡a059383271X ‡q(hardcover)
020 . ‡z9780593832721 ‡q(ebook)
035 . ‡a(OCoLC)1535771926
042 . ‡apcc
08204. ‡a813/.54 ‡223
1001 . ‡aOzeki, Ruth, ‡d1956- ‡eauthor. ‡1https://id.oclc.org/worldcat/entity/E39PBJfRDQRkbh8kjHDqwr3G73
24010. ‡aTyping lady (Compilation)
24514. ‡aThe typing lady : ‡band other fictions / ‡cRuth Ozeki.
24630. ‡aOther fictions
264 1. ‡aNew York : ‡bViking, ‡c2026.
264 4. ‡c©2026
300 . ‡a321 pages ; ‡c22 cm
336 . ‡atext ‡btxt ‡2rdacontent
337 . ‡aunmediated ‡bn ‡2rdamedia
338 . ‡avolume ‡bnc ‡2rdacarrier
500 . ‡a"Published in hardcover in Great Britain by Canongate Books Ltd., Edingburgh, in 2026." -- Title page verso.
504 . ‡aIncludes bibliographical references.
5050 . ‡aThe typing lady: An author's note -- The anthropologist's kid -- Leafblower -- Immortal -- The death of the last white male -- Ships in the night -- Feelings -- One art -- Dead beat poet -- Where ambition goes to die -- The problem of the body.
520 . ‡a"Ruth Ozeki turns her singular gaze to the short story, exploring childhood ambition, youthful desire, midlife reinvention, and the unsparing clarity of old age. With her distinctive blend of wit, warmth, and deep humanity, she brings us twelve richly imagined stories of characters standing at life's thresholds-grappling with faded ideals, evolving identities, and the inevitable compromises that shape a life"-- Provided by publisher.
650 0. ‡aLife change events ‡vFiction. ‡0(LARL_NWRL_CONSORTIUM)165934
650 0. ‡aCollege students ‡vFiction. ‡0(LARL_NWRL_CONSORTIUM)164244
650 0. ‡aSpouses ‡vFiction. ‡0(LARL_NWRL_CONSORTIUM)167342
650 0. ‡aGrandparents ‡vFiction. ‡0(LARL_NWRL_CONSORTIUM)165525
650 0. ‡aOnline dating ‡vFiction. ‡0(LARL_NWRL_CONSORTIUM)173832
650 0. ‡aLiterature ‡vFiction.
655 7. ‡aFiction. ‡2lcgft
655 7. ‡aShort stories. ‡2lcgft
901 . ‡a486997 ‡bOCoLC ‡c486997 ‡tbiblio ‡sIngram On-Order

Additional Resources